Pseudo-Boolean programming and applications : presented at the colloquium on mathematics and cybernetics in the economy, Berlin, October 1964
Αποθηκεύτηκε σε:
| Κύριος συγγραφέας: | |
|---|---|
| Μορφή: | Βιβλίο |
| Γλώσσα: | English |
| Δημοσίευση: |
Berlin :
Springer-Verlag,
1965
|
| Σειρά: | Lecture notes in mathematics (Springer-Verlag)
; 9 |
| Θέματα: | |
| Ετικέτες: |
Προσθήκη ετικέτας
Δεν υπάρχουν, Καταχωρήστε ετικέτα πρώτοι!
|
MARC
| LEADER | 00000cam a2200000 i 4500 | ||
|---|---|---|---|
| 001 | 1/36519 | ||
| 008 | 941103s1965 eng d | ||
| 035 | |a 1993 |l 10040262 | ||
| 040 | |a GR-MY-UA |b gre |e aacr | ||
| 041 | 0 | |a eng | |
| 082 | 0 | |a 519.72 | |
| 100 | 1 | |a Ivanescu, Petru L. | |
| 245 | 1 | 0 | |a Pseudo-Boolean programming and applications : |b presented at the colloquium on mathematics and cybernetics in the economy, Berlin, October 1964 / |c Petru L. Ivanescu |
| 260 | |a Berlin : |b Springer-Verlag, |c 1965 | ||
| 300 | |a 50 p.; |c 30 cm. | ||
| 490 | 1 | |a Lecture notes in mathematics (Springer-Verlag) |v ; 9 | |
| 500 | |a Includes bibliographical references | ||
| 650 | 0 | 0 | |a Programming (Mathematics) |
| 650 | 0 | 0 | |a Algebra, Boolean. |
| 830 | 0 | |a Lecture notes in mathematics (Springer-Verlag) |v ; 9 | |
| 852 | |a INST |b SAMOS |e 19941103 |h 519.7 IVA |p 005300008116 |q 005300008116 |t BK |y 0 | ||
| 909 | |a Σ |b 028802 | ||